<?xml version="1.0" encoding="UTF-8"?>
<record
    xmlns:xsi="http://www.w3.org/2001/XMLSchema-instance"
    xsi:schemaLocation="http://www.loc.gov/MARC21/slim http://www.loc.gov/standards/marcxml/schema/MARC21slim.xsd"
    xmlns="http://www.loc.gov/MARC21/slim">

  <leader>02040nam a22001697a 4500</leader>
  <controlfield tag="003">SGT</controlfield>
  <datafield tag="020" ind1=" " ind2=" ">
    <subfield code="a">9781259005992</subfield>
  </datafield>
  <datafield tag="082" ind1=" " ind2=" ">
    <subfield code="a">332.632042,CHA</subfield>
  </datafield>
  <datafield tag="100" ind1=" " ind2=" ">
    <subfield code="a">CHANDRA,PRASANNA</subfield>
  </datafield>
  <datafield tag="245" ind1=" " ind2=" ">
    <subfield code="a">INVESTMENT ANALYSIS AND PORTFOLIO MANAGEMENT</subfield>
  </datafield>
  <datafield tag="250" ind1=" " ind2=" ">
    <subfield code="a">4TH</subfield>
  </datafield>
  <datafield tag="260" ind1=" " ind2=" ">
    <subfield code="a">NEW DELHI</subfield>
    <subfield code="b">TMH</subfield>
    <subfield code="c">2015</subfield>
  </datafield>
  <datafield tag="300" ind1=" " ind2=" ">
    <subfield code="a">V.P.</subfield>
  </datafield>
  <datafield tag="650" ind1=" " ind2=" ">
    <subfield code="a">FINANCIAL ECONOMICS</subfield>
  </datafield>
  <datafield tag="653" ind1=" " ind2=" ">
    <subfield code="a">PART I: INTRODUCTION  1. OVERVIEW: A BROAD MAP OF THE TERRITORY  2. INVESTMENT ALTERNATIVES: CHOICES GALORE  3. SECURITIES MARKET: THE BATTLEFIELD PART II: BASIC CONCEPTS AND METHODS  4. RISK AND RETURN: TWO SIDES OF THE INVESTMENT COIN  5. THE TIME VALUE OF MONEY: THE MAGIC OF COMPOUNDING  6. FINANCIAL STATEMENT ANALYSIS: THE INFORMATION MAZE PART III: MODERN PORTFOLIO THEORY  7. PORTFOLIO THEORY: THE BENEFITS OF DIVERSIFICATION  8. CAPITAL ASSET PRICING MODEL AND ARBITRAGE PRICING THEORY: THE RISK REWARD RELATIONSHIP  9. EFFICIENT MARKET HYPOTHESIS: THE COLLECTIVE WISDOM  10. BEHAVIOURAL FINANCE: THE IRRATIONAL INFLUENCES PART IV: FIXED INCOME SECURITIES  11. BOND PRICES AND YIELDS: FIGURING OUT THE ASSURED RETURNS  12. BOND PORTFOLIO MANAGEMENT: THE PASSIVE AND ACTIVE STANCES PART V: EQUITY SHARES  13. EQUITY VALUATION: HOW TO FIND YOUR BEARINGS  14. MACROECONOMIC AND INDUSTRY ANALYSIS: UNDERSTANDING THE BROAD PICTURE  15. COMPANY ANALYSIS: ESTABLISHING THE VALUE BENCHMARK  16. TECHNICAL ANALYSIS: THE VISUAL CLUE  17. OPTIONS: THE UPSIDE WITHOUT THE DOWNSIDE  18. FUTURES: WHERE THE HEDGES AND THE SPECULATORS MEET PART VII: OTHER INVESTMENT OPTIONS  19. MUTUAL FUNDS: INDIRECT INVESTING  20. INVESTMENT IN REAL ASSETS: THE TANGIBLE THING  21. INTERNATIONAL INVESTING: THE GLOBAL SEARCH  22. PORTFOLIO MANAGEMENT: INVESTMENT POLICY AND STRATEGY: THE GRAND DESIGN  23. PORTFOLIO MANAGEMENT: IMPLEMENTATION AND REVIEW: THE SPECIFIC MOVES  24. PROFESSIONAL AND INSTITUTIONAL MONEY MANAGEMENT: SEEKING THE HELP OF EXPERTS  25. GUIDELINES FOR INVESTMENT DECISIONS: WHAT IT ALL COMES TO  26. STRATEGIES OF THE GREAT MASTERS: THE TIMELESS WISDOM</subfield>
  </datafield>
  <datafield tag="942" ind1=" " ind2=" ">
    <subfield code="2">ddc</subfield>
    <subfield code="c">FCM</subfield>
    <subfield code="0">8</subfield>
  </datafield>
  <datafield tag="952" ind1=" " ind2=" ">
    <subfield code="0">0</subfield>
    <subfield code="1">0</subfield>
    <subfield code="2">ddc</subfield>
    <subfield code="4">0</subfield>
    <subfield code="7">0</subfield>
    <subfield code="8">CM</subfield>
    <subfield code="a">SSSL</subfield>
    <subfield code="b">SSSL</subfield>
    <subfield code="c">DISPLAY</subfield>
    <subfield code="d">2016-06-15</subfield>
    <subfield code="e">KIRTI PRAKASHAN</subfield>
    <subfield code="g">650.00</subfield>
    <subfield code="i">SGTU</subfield>
    <subfield code="l">5</subfield>
    <subfield code="o">332.632042,CHA</subfield>
    <subfield code="p">CM774</subfield>
    <subfield code="r">2024-11-28 00:00:00</subfield>
    <subfield code="s">2024-11-28</subfield>
    <subfield code="w">2015-08-14</subfield>
    <subfield code="y">FCM</subfield>
    <subfield code="k">2705</subfield>
  </datafield>
  <datafield tag="952" ind1=" " ind2=" ">
    <subfield code="0">0</subfield>
    <subfield code="1">0</subfield>
    <subfield code="2">ddc</subfield>
    <subfield code="4">0</subfield>
    <subfield code="7">0</subfield>
    <subfield code="8">CM</subfield>
    <subfield code="a">SSSL</subfield>
    <subfield code="b">SSSL</subfield>
    <subfield code="c">DISPLAY</subfield>
    <subfield code="d">2016-06-15</subfield>
    <subfield code="e">KIRTI PRAKASHAN</subfield>
    <subfield code="g">650.00</subfield>
    <subfield code="i">SGTU</subfield>
    <subfield code="l">16</subfield>
    <subfield code="o">332.632042,CHA</subfield>
    <subfield code="p">CM775</subfield>
    <subfield code="r">2023-03-06 00:00:00</subfield>
    <subfield code="s">2023-02-21</subfield>
    <subfield code="w">2015-08-14</subfield>
    <subfield code="y">FCM</subfield>
    <subfield code="k">2705</subfield>
  </datafield>
  <datafield tag="952" ind1=" " ind2=" ">
    <subfield code="0">0</subfield>
    <subfield code="1">0</subfield>
    <subfield code="2">ddc</subfield>
    <subfield code="4">0</subfield>
    <subfield code="7">0</subfield>
    <subfield code="8">CM</subfield>
    <subfield code="a">SSSL</subfield>
    <subfield code="b">SSSL</subfield>
    <subfield code="c">DISPLAY</subfield>
    <subfield code="d">2016-06-15</subfield>
    <subfield code="e">KIRTI PRAKASHAN</subfield>
    <subfield code="g">650.00</subfield>
    <subfield code="i">SGTU</subfield>
    <subfield code="l">20</subfield>
    <subfield code="o">332.632042,CHA</subfield>
    <subfield code="p">CM776</subfield>
    <subfield code="r">2025-01-09 00:00:00</subfield>
    <subfield code="s">2025-01-09</subfield>
    <subfield code="w">2015-08-14</subfield>
    <subfield code="y">FCM</subfield>
    <subfield code="k">2705</subfield>
  </datafield>
  <datafield tag="999" ind1=" " ind2=" ">
    <subfield code="c">9054</subfield>
    <subfield code="d">9054</subfield>
  </datafield>
</record>
